Capitali Europee - Statistics

Statistiche generali
  • Questo quiz è stato fatto 690 volte
  • Il punteggio medio è 22 su 43
Statistiche sulle risposte
NAZIONE CAPITALE % Corretto
Albania Tirana
91%
Austria Vienna
89%
Belgio Bruxelles
86%
Francia Parigi
85%
Città del Vaticano Città del Vaticano
84%
Italia Roma
78%
Germania Berlino
77%
Danimarca Copenaghen
77%
Bulgaria Sofia
74%
Cechia Praga
73%
Andorra Andorra la vella
71%
Grecia Atene
69%
Finlandia Helsinki
69%
Irlanda Dublino
68%
Croazia Zagabria
68%
Bielorussia Minsk
67%
Estonia Tallinn
65%
Bosnia-Erzegovina Sarajevo
64%
Lettonia Riga
58%
Lussemburgo Lussemburgo
51%
Norvegia Oslo
46%
Islanda Reykjavik
45%
Malta La valletta
40%
Monaco Monaco
40%
Lituania Vilnius
40%
Liechtenstein Vaduz
36%
Portogallo Lisbona
35%
Regno unito Londra
35%
Spagna Madrid
35%
Paesi bassi Amsterdam
34%
Ungheria Budapest
33%
Romania Bucarest
31%
Macedonia del nord Skopje
29%
San marino San marino
27%
Polonia Varsavia
25%
Svezia Stoccolma
24%
Ucraina Kiev
23%
Montenegro Podgorica
23%
Moldavia Chisinau
21%
Serbia Belgrado
20%
Svizzera Berna
19%
Slovenia Lubiana
18%
Slovacchia Bratislava
17%
Nessun quiz corrispondente trovato
Distribuzione punteggi
Percentuale di utenti per punteggio
Percentile per numero di risposta
I tuoi punteggi nel tempo
Non hai fatto questo quiz